000 00265nam a2200109Ia 4500
008 200302s9999 xx 000 0 und d
100 _aPaul Oliver & Other
245 _aArchitecture An Invitation
260 _bBasil Blackwell Ltd.
260 _c1990
300 _a173 P.,
999 _c891
_d891